Berühmte Franks - Statistiken

Allgemein
  • Dieses Quiz wurde 49 mal gespielt
  • Das Durchschnittsergebnis liegt bei 7 aus 20
Antwortstatistiken
Hinweis Frank % Korrekt
Showmaster und erster "Wetten, dass...?"-Moderator (Künstlername) Frank Elstner
94%
Sänger ("Hier kommt Kurt", "Der Ur-Ur-Enkel von Frankenstein") Frank Zander
67%
Fernsehkoch ("The Taste", "Topfgeldjäger") Frank Rosin
56%
Musikproduzent (Milli Vanilli) und Sänger (#1-Hit "Rocky") (Künstlername) Frank Farian
54%
Langjähriger Moderator von "Hart aber fair" und dem ARD-Jahresquiz Frank Plasberg
52%
Ehemaliger Fußballer (Nürnberg, Bremen), heutiger Sportvorstand bei Schalke Frank Baumann
46%
Fußballweltmeister 1990 (Essen, Mönchengladbach, Dortmund, Düsseldorf) Frank Mill
44%
Unternehmer und Investor bei Die Höhle der Löwen Frank Thelen
44%
Sport- und Showkommentator Frank Buschmann
33%
Zehnkämpfer, Olympiasilber und Sportler des Jahres 1996 Frank Busemann
31%
Autor von "Der Schwarm" und "Die Tyrannei des Schmetterlings" Frank Schätzing
31%
Dienstältester Fußballtrainer aller Zeiten im deutschen Profibereich Frank Schmidt
25%
Schlagersänger der DDR ("Wie ein Stern", "Weihnachten in Familie") Frank Schöbel
21%
Bandleader, Nr.1 der Charts mit "Angel of Mine", "Give Me Your Love" (Künstlername) Frank Duval
15%
Schriftsteller, Dramatiker ("Frühlings Erwachen", "Lulu") Frank Wedekind
15%
Ehemaliger Fußballer, Werder Bremen-Legende mit über 300 Spielen und über 100 Toren Frank Neubarth
13%
Moderator des "WWF Club" und "Supergrips", Teil von G.L.S.-United Frank Laufenberg
8%
Regisseur der DDR ("Jakob der Lügner", "Spur der Steine", "Nackt unter Wölfen") Frank Beyer
6%
Schauspieler ("Absolute Giganten", "Funny Games", "Baader"), † 2010 Frank Giering
6%
Ringer, 3x Weltmeister und Olympiamedaillengewinner Frank Stäbler
2%
Keine übereinstimmenden Quizze gefunden
Verteilung der Resultate
Anzahl Personen mit jedem Resultat
Perzentil nach korrekt beantworteten Fragen
Ihre Resultats-Entwicklung
Sie haben dieses Quiz noch nicht gespielt